Think again / (Record no. 33974)
[ view plain ]
| 000 -LEADER | |
|---|---|
| fixed length control field | 01488cam a22003974a 4500 |
| 001 - CONTROL NUMBER | |
| control field | 13338204 |
| 003 - CONTROL NUMBER IDENTIFIER | |
| control field | OSt |
| 005 - DATE AND TIME OF LATEST TRANSACTION | |
| control field | 20140310184353.0 |
| 008 - FIXED-LENGTH DATA ELEMENTS--GENERAL INFORMATION | |
| fixed length control field | 030910s2002 nyua j 000 1 eng d |
| 010 ## - LIBRARY OF CONGRESS CONTROL NUMBER | |
| LC control number | 2003276414 |
| 020 ## - INTERNATIONAL STANDARD BOOK NUMBER | |
| International Standard Book Number | 0439567165 |
| 035 ## - SYSTEM CONTROL NUMBER | |
| System control number | (OCoLC)ocm50419911 |
| 040 ## - CATALOGING SOURCE | |
| Original cataloging agency | IMF |
| Transcribing agency | IMF |
| Modifying agency | DPL |
| -- | MUS |
| -- | OCLCQ |
| -- | DLC |
| 042 ## - AUTHENTICATION CODE | |
| Authentication code | lcac |
| -- | lccopycat |
| 050 00 - LIBRARY OF CONGRESS CALL NUMBER | |
| Classification number | PZ 8.3 |
| Item number | .F9096Thi 2002 |
| 100 1# - MAIN ENTRY--PERSONAL NAME | |
| Personal name | Fresh, Doug E. |
| 9 (RLIN) | 25339 |
| 245 10 - TITLE STATEMENT | |
| Title | Think again / |
| Statement of responsibility, etc | Doug E. Fresh ; illustrated by Joseph Buckingham Jr. |
| 260 ## - PUBLICATION, DISTRIBUTION, ETC. (IMPRINT) | |
| Place of publication, distribution, etc | New York : |
| Name of publisher, distributor, etc | Scholastic, |
| Date of publication, distribution, etc | 2002 |
| 300 ## - PHYSICAL DESCRIPTION | |
| Other physical details | ill. col. ; |
| Dimensions | 18 cm. |
| 490 1# - SERIES STATEMENT | |
| Series statement | Hip hop kid |
| 500 ## - GENERAL NOTE | |
| General note | "It's never easy being the new kid at school, especially if you're different from everyone else in class ..." Includes a compact disc to read and rap along with--words and performed by Doug E. Fresh. |
| 500 ## - GENERAL NOTE | |
| General note | "Rap & read along with Doug E. Fresh!" |
| 521 ## - TARGET AUDIENCE NOTE | |
| Target audience note | |
| 526 ## - STUDY PROGRAM INFORMATION NOTE | |
| Reading level | 840 |
| 650 #1 - SUBJECT ADDED ENTRY--TOPICAL TERM | |
| Topical term or geographic name as entry element | Schools |
| Form subdivision | Fiction. |
| 9 (RLIN) | 25340 |
| 650 #1 - SUBJECT ADDED ENTRY--TOPICAL TERM | |
| Topical term or geographic name as entry element | Race relations |
| Form subdivision | Fiction. |
| 9 (RLIN) | 25341 |
| 650 #1 - SUBJECT ADDED ENTRY--TOPICAL TERM | |
| Topical term or geographic name as entry element | Prejudices |
| Form subdivision | Fiction. |
| 9 (RLIN) | 25342 |
| 650 #1 - SUBJECT ADDED ENTRY--TOPICAL TERM | |
| Topical term or geographic name as entry element | Stories in rhyme. |
| 9 (RLIN) | 5554 |
| 700 1# - ADDED ENTRY--PERSONAL NAME | |
| Personal name | Buckingham, Joseph, |
| Relator term | ill. |
| 9 (RLIN) | 25343 |
| 830 #0 - SERIES ADDED ENTRY--UNIFORM TITLE | |
| Uniform title | HipKidHop |
| 9 (RLIN) | 25344 |
| 856 42 - ELECTRONIC LOCATION AND ACCESS | |
| Materials specified | Publisher description |
| Uniform Resource Identifier | <a href="http://www.loc.gov/catdir/description/schol051/2003276414.html">http://www.loc.gov/catdir/description/schol051/2003276414.html</a> |
| 906 ## - LOCAL DATA ELEMENT F, LDF (RLIN) | |
| a | 7 |
| b | cbc |
| c | copycat |
| d | 2 |
| e | ncip |
| f | 20 |
| g | y-gencatlg |
| 942 ## - ADDED ENTRY ELEMENTS (KOHA) | |
| Source of classification or shelving scheme | Library of Congress Classification |
| Koha item type | |
| Withdrawn status | Lost status | Source of classification or shelving scheme | Damaged status | Home library | Current library | Shelving location | Date acquired | Total Checkouts | Total Renewals | Full call number | Barcode | Date last seen | Date checked out | Copy number | Price effective from | Koha item type |
|---|---|---|---|---|---|---|---|---|---|---|---|---|---|---|---|---|
| Library of Congress Classification | Luxembourg Library | Luxembourg Library | Scholastic Reading Center Section | 10/07/2013 | 1 | 7 | PZ 8.3 .F9096Thi 2002 | LEX0597 | 02/12/2018 | 11/03/2017 | 1 | 10/07/2013 | Books |